Méhnyakrák esetbemutatás olvasólecke /

Elmentve itt :
Bibliográfiai részletek
Szerzők: Kószó Renáta
Fábián Gabriella
További közreműködők: Oláh Judit
Dokumentumtípus: Tanítási erőforrás
Megjelent: 2020
Kulcsszavak:méhnyakrák
rákbetegség
Tárgyszavak:
Online Access:http://eta.bibl.u-szeged.hu/5521
LEADER 00930nnm a2200277 i 4500
001 eta5521
005 20210408132451.0
008 210408s2020 hu o 0|| hun d
040 |a SZTE Elektronikus Tananyag Archívum  |b hun 
041 |a hun 
100 1 |a Kószó Renáta 
245 1 0 |a Méhnyakrák esetbemutatás   |h [elektronikus dokumentum] :  |b olvasólecke /  |c  Kószó Renáta 
246 1 0 |a Cervical cancer case presentation  |h [elektronikus dokumentum] 
260 |c 2020 
300 |a 16 
516 |a Teaching_resource 
650 4 |a Orvos- és egészségtudomány 
650 4 |a Klinikai orvostan 
650 4 |a Onkológia 
650 4 |a Szülészet és nőgyógyászat 
650 4 |a Nőgyógyászat 
695 |a méhnyakrák 
695 |a rákbetegség 
700 0 1 |a Oláh Judit 
700 0 1 |a Fábián Gabriella  |e aut 
856 4 0 |u https://eta.bibl.u-szeged.hu/5521/1/olvasolecke_doc_mehnyakrak_KoszoR_VEGSO.pdf  |z Dokumentum-elérés